Devinez la Capitale Mystère #75 - Statistiques

Statistiques générales
  • Ce quiz a été pris 131 fois
  • Le résultat moyen est 26 sur 34
Statistiques - réponses
Type de Réponse Réponse % Correct
Lettre Trouvée R
100%
Lettre Trouvée A
99%
Lettre Trouvée I
99%
Lettre de l'Alphabet E
98%
Lettre Trouvée N
97%
Lettre Trouvée O
97%
Lettre de l'Alphabet S
97%
Lettre de l'Alphabet L
95%
Lettre de l'Alphabet P
94%
Lettre de l'Alphabet B
93%
Lettre de l'Alphabet M
93%
Lettre de l'Alphabet D
91%
Lettre Bien Placée I
88%
Lettre Bien Placée O
87%
Lettre de l'Alphabet T
85%
Lettre de l'Alphabet G
81%
Lettre de l'Alphabet C
80%
Lettre Bien Placée N
80%
Lettre de l'Alphabet U
80%
Lettre de l'Alphabet K
74%
Lettre Trouvée H
73%
Lettre de l'Alphabet W
67%
Lettre de l'Alphabet V
65%
Lettre de l'Alphabet Y
59%
Lettre Bien Placée R
57%
Lettre Bien Placée A
56%
Lettre Bien Placée A
55%
Lettre de l'Alphabet Z
54%
Lettre de l'Alphabet J
52%
Lettre Bien Placée H
51%
Lettre de l'Alphabet X
51%
Lettre de l'Alphabet F
49%
Lettre de l'Alphabet Q
40%
Capitale Mystère Honiara
36%
Aucun quiz correspondant
Distribution des résultats
% des personnes avec chaque résultat
Percentile par nombre de réponses
Votre historique - résultats
Vous n’avez pas pris ce quiz